00576nam a2200205 a 4500001001300000003000900013005001700022008004100039020000900080082001600089100002500105245006000130260004300190300000900233500003500242505001000277650002400287650003400311700002500345nice12345678IN_TiNIC20260116012711.0050524s1985 saha grp 000 0 urd  ac1800a891.41bQUR aQurban D A, Harrison aHarf-E-Aarzoo, Biography & Poetry of Aarzoo Saharanpuri aSaharanpurbTaleb Printing Pressc1985 a195p aincludes index and biblioraphy2 aIndex aChristian-Biography aReligious-Poetry Christianity1 aQurban D A, Harrison